| 000 | 00681nam a2200205 4500 | ||
|---|---|---|---|
| 005 | 20250327085217.0 | ||
| 008 | 250226b ||||| |||| 00| 0 spa d | ||
| 020 | _a84-206-6752-8 | ||
| 082 |
_214 _a301 |
||
| 100 | 1 |
_aGiddens, Anthony _9655 |
|
| 245 | 1 | 3 |
_aEn defensa de la sociología / _cAnthony Giddens, traductor Jesús Alborés |
| 260 |
_aMadrid: _bAlianza, _c2000 |
||
| 300 | _a101 p. | ||
| 440 |
_921292 _aCuadernos Sociales _n165 _pEnsayo |
||
| 650 | 1 | 7 |
_aSOCIOLOGIA _9693 _2unescot |
| 650 | 1 | 7 |
_aCOMPORTAMIENTO SOCIAL _2unescot _9753 |
| 700 | 1 |
_921293 _aAlborés, Jesús _etrad. |
|
| 942 |
_cLIBRO _2ddc |
||
| 980 |
_619226 _a Palazón Marcela I. _82 _gVirginia Figueroa |
||
| 999 |
_c10763 _d10763 |
||